[Event "AUTO-OPEN-2309"]
[Site "http://www.queenalice.com/game.php?id=916944"]
[Date "2011.3.24"]
[Round "1"]
[White "Richtromach"]
[Black "who_dat"]
[Result "1-0"]
[WhiteElo "1369"]
[BlackElo "1813"]

1. d4 e6 2. e4 d5 3. Nc3 Bb4 4. Bd2 Nf6 5. f3 Nc6 6. a3 Ba5 7. b4 Bb6 8. Be3 Qe7
9. Bb5 Bd7 10. Nge2 O-O-O 11. O-O e5 12. exd5 Nxd4 13. a4 Nxc2 14. Bxb6 Nxa1 15.
Bxa7 Qxb4 16. Qxa1 b6 17. Ba6# 1-0

[Event "AUTO-OPEN-2309"]
[Site "http://www.queenalice.com/game.php?id=916946"]
[Date "2011.3.24"]
[Round "1"]
[White "Richtromach"]
[Black "Catamarca"]
[Result "0-1"]
[WhiteElo "1418"]
[BlackElo "1778"]

1. d4 d5 2. Nc3 Bf5 3. Bf4 e6 4. e3 Bd6 5. g4 Be4 6. Bxd6 Qxd6 7. f3 Bg6 8. Bd3
Bxd3 9. Qxd3 Nf6 10. O-O-O Nbd7 11. Nb5 Qb6 12. b3 a5 13. Qc3 Qxb5 14. Qxc7 O-O
15. g5 Rac8 16. a4 Ne8 17. Qxc8 Qc6 18. Qa8 Nd6 19. Qxa5 b5 20. Ne2 Rc8 21. Rd2
Ra8 22. Qb4 bxa4 23. c3 axb3 24. Qxb3 Ra1+ 25. Kc2 Rxh1 26. h4 Rxh4 27. Qb4 Nc4
28. Rd1 Nxe3+ 29. Kc1 Nxd1 30. Kxd1 g6 31. Kd2 Qc4 32. Qa3 Rh2 0-1

[Event "AUTO-OPEN-2309"]
[Site "http://www.queenalice.com/game.php?id=916947"]
[Date "2011.3.24"]
[Round "1"]
[White "Catamarca"]
[Black "Richtromach"]
[Result "1-0"]
[WhiteElo "1773"]
[BlackElo "1435"]

1. e4 e5 2. Bc4 Nh6 3. d3 Qf6 4. Nf3 g6 5. g4 d6 6. g5 Qe7 7. h3 Ng8 8. Nc3 c6
9. Be3 b5 10. Bb3 Bg7 11. Qd2 h6 12. O-O-O Nd7 13. a3 Nf8 14. Ne2 Ne6 15. Rdg1
f6 16. h4 Bd7 17. Qa5 hxg5 18. Bxe6 Bxe6 19. hxg5 Rxh1 20. Rxh1 Qf7 21. gxf6 Bh6
22. Bxh6 Qxf6 23. Qc7 Qxf3 24. Qxc6+ Ke7 25. Bg5+ Kf7 26. Rh7+ 1-0

[Event "AUTO-OPEN-2309"]
[Site "http://www.queenalice.com/game.php?id=916948"]
[Date "2011.3.24"]
[Round "1"]
[White "Richtromach"]
[Black "pomar"]
[Result "0-1"]
[WhiteElo "1371"]
[BlackElo "2035"]

1. d4 e6 2. e4 d5 3. Nc3 c5 4. Bb5+ Nc6 5. exd5 exd5 6. Nf3 a6 7. Ba4 b5 8. Nxd5
Qxd5 9. Bb3 c4 10. O-O Bd6 11. Bg5 f6 12. Bxc4 bxc4 13. Qe2+ Nge7 14. Be3 O-O
15. g3 Bg4 16. Qd2 Qxf3 17. Rae1 Bh3 0-1

[Event "AUTO-OPEN-2309"]
[Site "http://www.queenalice.com/game.php?id=916949"]
[Date "2011.3.24"]
[Round "1"]
[White "pomar"]
[Black "Richtromach"]
[Result "1-0"]
[WhiteElo "2011"]
[BlackElo "1399"]

1. f3 Nc6 2. Kf2 e5 3. e3 f5 4. c4 Qe7 5. Nc3 Qf7 6. a3 d6 7. Qb3 Be6 8. Qxb7
Rb8 9. Qxc6+ Bd7 10. Qxc7 Rc8 11. Qxa7 Be7 12. d4 f4 13. exf4 exd4 14. Qxd4 d5
15. Qxd5 Bc5+ 16. Be3 Be7 17. Qxf7+ Kxf7 18. Bd3 Nf6 19. Nge2 Rhe8 20. Nd5 Bc5
21. Bxc5 Rxc5 22. Nxf6 gxf6 23. b4 Rc6 24. b5 Rc7 25. a4 Ra8 26. a5 Be8 27. b6
Rc6 28. Nd4 Rd6 29. Be4 Rb8 30. Bd5+ Kg7 31. Rhe1 Rd7 32. b7 Bf7 33. a6 Bxd5 34.
cxd5 1-0

[Event "AUTO-INT-1991"]
[Site "http://www.queenalice.com/game.php?id=917570"]
[Date "2011.3.26"]
[Round "1"]
[White "kievelrs"]
[Black "Richtromach"]
[Result "1-0"]
[WhiteElo "1553"]
[BlackElo "1416"]

1. e4 e5 2. Nf3 Qe7 3. Bc4 a6 4. d4 Nf6 5. dxe5 Nxe4 6. Bf4 f6 7. Qe2 Qb4+ 8. c3
Qc5 9. Qxe4 Be7 10. exf6 gxf6 11. O-O c6 12. b4 f5 13. Qd4 Qxd4 14. Nxd4 c5 15.
Nxf5 Bf6 16. Re1+ Kf8 17. Bd6+ Be7 18. Bxe7+ Ke8 19. Bf6+ Kf8 20. Bxh8 d5 21.
Bxd5 Bxf5 22. Bxb7 Ra7 23. Bd5 1-0

[Event "AUTO-INT-1991"]
[Site "http://www.queenalice.com/game.php?id=917571"]
[Date "2011.3.26"]
[Round "1"]
[White "Richtromach"]
[Black "kievelrs"]
[Result "0-1"]
[WhiteElo "1433"]
[BlackElo "1462"]

1. d4 d5 2. e3 Bf5 3. h3 Nf6 4. g4 Bg6 5. Nc3 Ne4 6. Nge2 f5 7. b3 fxg4 8. Bb2
e6 9. Nf4 Qh4 10. Bg2 Nxf2 11. Qd2 Ne4+ 0-1

[Event "Challenge"]
[Site "http://www.queenalice.com/game.php?id=924561"]
[Date "2011.4.11"]
[Round "-"]
[White "jbugg"]
[Black "Richtromach"]
[Result "0-1"]
[WhiteElo "1331"]
[BlackElo "1389"]

1. e4 e5 2. Nf3 d6 3. Nc3 c6 4. Bc4 Be6 5. b3 b5 6. Be2 d5 7. Nxe5 Nd7 8. f4
Nxe5 9. fxe5 Qh4+ 10. g3 Qg5 11. d4 Qd8 12. Bh5 g6 13. Bf3 Bb4 14. Qd2 Qa5 15.
Bb2 Ba3 16. Ne2 Bb4 17. Bc3 Bxc3 18. Nxc3 Ne7 19. exd5 Bf5 20. O-O O-O 21. g4
Nxd5 22. Bxd5 Bxg4 23. Bxc6 Rac8 24. d5 Rfd8 25. Kg2 Rxc6 26. Rf4 Bf5 27. Rh4
Rxc3 28. Qh6 g5 29. Qxh7+ Bxh7 30. Rg4 Kf8 31. b4 Qb6 32. Rc1 Rxd5 33. Rxg5 Rd2+
34. Kf1 Qf2# 0-1

[Event "AUTO-OPEN-2343"]
[Site "http://www.queenalice.com/game.php?id=930608"]
[Date "2011.4.26"]
[Round "1"]
[White "carlosjvega"]
[Black "Richtromach"]
[Result "1-0"]
[WhiteElo "1715"]
[BlackElo "1395"]

1. e4 e5 2. Nf3 Nf6 3. Bc4 d5 4. exd5 Bc5 5. Nxe5 Qe7 6. d4 Bd6 7. Qe2 O-O 8.
Bg5 Re8 9. O-O h6 10. Bxf6 gxf6 11. Qh5 fxe5 12. Re1 Kg7 13. Nd2 Rg8 14. Nf3 Kf8
15. Qxh6+ Ke8 16. dxe5 Bb4 17. c3 Bc5 18. b4 Bb6 19. Rad1 Nd7 20. d6 Qf8 21.
Qxf8+ Nxf8 22. Nd4 1-0

[Event "AUTO-OPEN-2343"]
[Site "http://www.queenalice.com/game.php?id=930609"]
[Date "2011.4.26"]
[Round "1"]
[White "Richtromach"]
[Black "carlosjvega"]
[Result "0-1"]
[WhiteElo "1399"]
[BlackElo "1711"]

1. d4 d5 2. e3 Nc6 3. h3 g6 4. Nc3 Bg7 5. Nf3 Nf6 6. Bd3 Nb4 7. Bb5+ c6 8. Ba4
b5 9. Bb3 a5 10. O-O a4 11. a3 axb3 12. axb4 Rxa1 13. cxb3 Ne4 14. Nxe4 Bf5 15.
Ng3 Be6 16. Qc2 Qd6 17. Bd2 Rxf1+ 18. Kxf1 O-O 19. e4 dxe4 20. Nxe4 Qd5 21. Kg1
Bf5 22. Nfg5 Bxe4 0-1

[Event "AUTO-OPEN-2343"]
[Site "http://www.queenalice.com/game.php?id=930640"]
[Date "2011.4.26"]
[Round "1"]
[White "Richtromach"]
[Black "kudd"]
[Result "0-1"]
[WhiteElo "1386"]
[BlackElo "1644"]

1. d4 d5 2. e3 Nf6 3. c4 a6 4. b3 Nc6 5. h3 Be6 6. Nc3 dxc4 7. bxc4 Bf5 8. d5
Nb4 9. Qa4+ Nc6 10. dxc6 bxc6 11. Ba3 Bd7 12. c5 e5 13. h4 Ng4 14. Ne4 h6 15. g3
Be7 16. Bh3 Nf6 17. Bg2 O-O 18. Rd1 Nd5 19. Nf3 Bf5 20. Ng1 a5 21. Qxc6 Be6 22.
Bb2 Bf6 23. Nxf6+ Qxf6 24. Bxd5 Bxd5 25. Rxd5 Qf5 26. f4 Qb1+ 27. Bc1 Qxc1+ 28.
Rd1 Qc3+ 29. Rd2 Qxe3+ 30. Ne2 Rab8 31. Rd1 Rb2 32. Rh2 Rxa2 33. Qxc7 a4 34. c6
f6 35. f5 Rb2 36. Qa5 a3 37. c7 Rc2 38. Rf2 Kh7 39. Kf1 Rc8 40. Kg1 Rxe2 41. Rf1
Qxg3+ 42. Kh1 Qxh4+ 43. Kg1 Re3 44. Rf3 Qg4+ 45. Kh1 Re2 46. R3f2 Qh3+ 47. Kg1
Re4 48. Rh2 Qe3+ 49. Kh1 Rc4 50. Re1 Qf3+ 51. Kg1 Rg4+ 0-1

[Event "AUTO-OPEN-2343"]
[Site "http://www.queenalice.com/game.php?id=930641"]
[Date "2011.4.26"]
[Round "1"]
[White "kudd"]
[Black "Richtromach"]
[Result "1-0"]
[WhiteElo "1653"]
[BlackElo "1405"]

1. e4 e5 2. Bc4 Qf6 3. Nf3 d6 4. h3 Be6 5. Qe2 a6 6. Nc3 c6 7. Bxe6 Qxe6 8. d3
h6 9. b4 Nd7 10. d4 Nb6 11. O-O O-O-O 12. a4 a5 13. b5 c5 14. d5 Qd7 15. Nh4 g6
16. Be3 Ne7 17. Qe1 h5 18. Ne2 Bh6 19. Bxh6 Rxh6 20. Qc1 f5 21. Qxh6 Qe8 22. Qc1
Nc4 23. f4 fxe4 24. fxe5 Nxe5 25. c4 Nd3 26. Qe3 Qd7 27. Rf7 Re8 28. Qxe4 Ne5
29. Rf6 Ng8 30. Rf2 g5 31. Nf3 Ng4 32. Ne5 Nxe5 33. Qc2 g4 34. h4 g3 35. Nxg3
Nh6 36. Nxh5 Nhg4 37. Nf6 Qe7 38. Nxe8 Qxe8 39. Qf5+ Kc7 40. Rf4 Kb8 41. Qg5 Qd7
42. b6 Nf7 43. Qg8+ 1-0

[Event "AUTO-INT-2016"]
[Site "http://www.queenalice.com/game.php?id=930758"]
[Date "2011.4.26"]
[Round "1"]
[White "zemaria"]
[Black "Richtromach"]
[Result "1-0"]
[WhiteElo "1752"]
[BlackElo "1378"]

1. e4 e5 2. c4 Bc5 3. d3 h6 4. Qf3 d6 5. Be3 Nf6 6. Nc3 c6 7. h3 h5 8. g3 Bb4 9.
Bd2 Qb6 10. Rb1 Be6 11. Qd1 Nbd7 12. Be3 Bc5 13. Bxc5 Qxc5 14. Qd2 O-O-O 15. Bg2
Nb6 16. Nge2 g5 17. O-O g4 18. h4 Qa5 19. Qg5 Nbd7 20. a3 Qb6 21. Kh1 d5 22.
exd5 Rhg8 23. Qxe5 Nxe5 24. dxe6 fxe6 25. Nf4 Nxd3 26. Nxd3 Rxd3 27. Kh2 Qd4 28.
Rbd1 Qxc4 29. Rfe1 1-0

[Event "AUTO-INT-2016"]
[Site "http://www.queenalice.com/game.php?id=930759"]
[Date "2011.4.26"]
[Round "1"]
[White "Richtromach"]
[Black "zemaria"]
[Result "0-1"]
[WhiteElo "1380"]
[BlackElo "1750"]

1. d4 d5 2. e3 g6 3. c4 Bg7 4. Nc3 c6 5. Bd3 Nf6 6. h3 O-O 7. Nf3 Qd6 8. O-O
Nbd7 9. Re1 e6 10. c5 Qc7 11. e4 b6 12. g3 bxc5 13. e5 Ne4 14. Nxe4 dxe4 15.
Rxe4 Bb7 16. Rh4 cxd4 17. Bh6 Nxe5 18. Bf4 Qb6 19. Be2 Rfd8 20. Bxe5 c5 21. a3
Bxe5 22. Nxe5 f6 23. Ng4 Rf8 24. Rb1 Qc6 25. f3 h5 26. Nf2 Qd6 27. Qb3 Qxg3+ 28.
Kf1 Qxh4 0-1

[Event "AUTO-INT-2016"]
[Site "http://www.queenalice.com/game.php?id=930772"]
[Date "2011.4.26"]
[Round "1"]
[White "Richtromach"]
[Black "carlosjvega"]
[Result "0-1"]
[WhiteElo "1389"]
[BlackElo "1721"]

1. d4 d5 2. e3 c5 3. h3 cxd4 4. exd4 Nc6 5. Nf3 g6 6. Bd3 Bg7 7. O-O Nxd4 8.
Nxd4 Bxd4 9. Bb5+ Bd7 10. Bxd7+ Qxd7 11. Qxd4 Nf6 12. Re1 O-O 13. Bg5 Kg7 14.
Nc3 Kg8 15. Qh4 Nh5 16. Rad1 e6 17. Bf6 Nxf6 18. Qxf6 b5 19. b3 Qc6 20. Kh1 b4
21. Ne2 Qxc2 0-1

[Event "AUTO-INT-2016"]
[Site "http://www.queenalice.com/game.php?id=930773"]
[Date "2011.4.26"]
[Round "1"]
[White "carlosjvega"]
[Black "Richtromach"]
[Result "1-0"]
[WhiteElo "1718"]
[BlackElo "1392"]

1. e4 e5 2. Nf3 d6 3. Bc4 Be6 4. Bxe6 fxe6 5. d3 h6 6. c4 Nf6 7. Nh4 Nxe4 8.
Qh5+ g6 9. Qxg6+ Kd7 10. Qxe4 Be7 11. Qxb7 Nc6 12. Nc3 Bxh4 13. Qa6 Qf8 14. g3
Nb4 15. Qb5+ Nc6 16. gxh4 Rb8 17. Qa4 Rb4 18. Qc2 Nd4 19. Qd1 Qf6 20. Qh5 Nc2+
21. Kd2 1-0

[Event "AUTO-INT-2016"]
[Site "http://www.queenalice.com/game.php?id=930774"]
[Date "2011.4.26"]
[Round "1"]
[White "Richtromach"]
[Black "klebercas"]
[Result "1-0"]
[WhiteElo "1406"]
[BlackElo "1378"]

1. d4 d5 2. Nc3 Nf6 3. g3 Nc6 4. Nf3 Bf5 5. a3 e6 6. Bg5 Bd6 7. Bg2 O-O 8. Nh4
Qd7 9. O-O e5 10. Nxd5 Nxd5 11. Bxd5 1-0

[Event "AUTO-INT-2016"]
[Site "http://www.queenalice.com/game.php?id=930775"]
[Date "2011.4.26"]
[Round "1"]
[White "klebercas"]
[Black "Richtromach"]
[Result "0-1"]
[WhiteElo "1363"]
[BlackElo "1421"]

1. e4 e5 2. Nf3 d6 3. Bc4 Qe7 4. Nc3 h6 5. d3 g5 6. Be3 Be6 7. O-O Nc6 8. Bxe6
Qxe6 9. Nd5 f5 10. Nxc7+ Kd7 0-1